000 00514nam a2200193Ia 4500
005 20240530015100.0
008 240331s9999 xx 000 0 und d
020 _a0415220858
082 _bNON
_a337
245 0 _aNon state actors and authority in the global system
250 _a1 St
260 _aLondon
_bRoutledge
_c2000
300 _axvii, 301 p.,
650 _a Economic
700 _aHiggott, A. Richard
_eedt
700 _aUnderhill, D.R.Geoffrey
_eedt
700 _aBieler, Andreas
_eedt
942 _cL
999 _c2763
_d2763